Can you guess the first word of some Taylor Swift songs? - Statistics

General Stats
  • This quiz has been taken 20 times
  • The average score is 8 of 14
Answer Stats
Song First Word % Correct
Shake It Off I
100%
Love Story We
94%
Lover We
94%
Gorgeous You
75%
Style Midnight
63%
Elizabeth Taylor Elizabeth
56%
Wildest Dreams He
56%
Blank Space Nice
56%
I Knew You Were Trouble Once
56%
Down Bad Did
50%
Cruel Summer Fever
50%
Welcome To New York Walkin’
38%
Eldest Daughter Everybody’s
19%
You Belong With Me If
0%
No matching quizzes found
Score Distribution
Percent of People with Each Score
Percentile by Number Answered
Your Score History
You have not taken this quiz